[Event "47th GRE-chT 2019"]
[Site "Patra"]
[Date "2019.07.03"]
[Round "3.13"]
[White "Rigopoulos-Tsigkos, Alexandros"]
[Black "Hadzimanolis, Antonios"]
[Result "1/2-1/2"]
[WhiteElo "2093"]
[BlackElo "2245"]
[Annotator "TA"]
[PlyCount "140"]
[EventDate "2019.07.02"]
[EventCountry "GRE"]
[SourceTitle "playchess.com"]
[Source "ChessBase"]
[SourceQuality "1"]

{[%evp 21,140,-3,21,0,48,0,89,72,90,90,83,98,100,55,111,95,106,50,186,144,177,4,11,-50,-54,-60,-52,-51,-50,-58,-41,-22,0,0,6,20,211,147,231,233,229,225,224,212,312,214,241,241,241,241,244,244,244,244,230,239,238,0,125,0,229,229,250,205,204,205,261,74,369,316,316,192,194,210,221,193,432,316,316,316,316,316,269,0,145,149,145,145,263,125,108,95,214,214,211,210,208,200,181,79,79,79,250,8,8,0,0,0,0,-8,-8,-8,-8,-8,-8,-8,-8,-8,-8,-9,0]} 1. e4 e5 2. Nf3 Nc6 3. Bc4 Nf6 4. d3 Be7 5. O-O O-O 6. c3 d5 7. exd5 Nxd5 8. Re1 Bg4 9. h3 Bh5 10. Nbd2 Nb6 11. Bb5 Bd6 12. Ne4 {C55: Two Knights: 4 d3, 4 d4 exd4 5 e5 and Max Lange Attack} Qd7 (12... Re8 13. Bg5 f6 14. Be3 a6 15. Bxc6 bxc6 16. Ng3 Bf7 17. c4 Bb4 18. Re2 Bf8 19. b3 c5 {0-1 (89) Nakamura,H (2777)-Grischuk,A (2766) Saint Louis 2018}) 13. Ng3 $146 (13. Be3 {keeps more tension.} f5 14. Nxd6 Qxd6 15. Bxb6 axb6 16. Qb3+) ({Predecessor:} 13. g4 Bg6 14. Nh4 Be7 15. Nxg6 hxg6 16. Ng3 Bd6 {0-1 (32) Howell,D (2561)-Gupta,A (2551) Gaziantep 2008}) 13... Bg6 (13... Bxf3 $1 $11 {remains equal.} 14. Qxf3 f5) 14. Nxe5 $16 {White is better.} Bxe5 {[#]} 15. Rxe5 $1 {[%mdl 512]} Bxd3 (15... Nxe5 16. Bxd7) 16. Bxc6 $1 bxc6 17. b3 Rfe8 (17... a5 $14) 18. Rxe8+ Rxe8 19. Bb2 (19. Bf4 $16) 19... f5 (19... Bg6 $14) 20. Qd2 Qd6 {and if ...f4 works, Black does fine.} 21. Rd1 $2 (21. c4 $1 $18 {[%cal Rc4c5] Strongly threatening c5!} f4 22. Nh5) 21... f4 $11 22. Nh5 ({White should try} 22. Nf1 $11 Re2 23. Qxe2 $1 {[%mdl 512]} (23. Qxd3 Qxd3 24. Rxd3 Rxb2 $11) 23... Bxe2 24. Rxd6 cxd6 25. Nd2) 22... Be2 $15 {[%mdl 64] Double Attack} 23. Qxd6 cxd6 24. Nxg7 $1 Kxg7 25. Rxd6 c5 26. c4+ Kg8 27. Ba3 $1 Bxc4 28. bxc4 $11 {[%mdl 4096] Endgame KRB-KRN} Re1+ (28... Nxc4 $11 29. Rd3 Re1+ 30. Kh2 Nxa3 31. Rxa3 Re7) 29. Kh2 $16 Nxc4 (29... Re5 $16) 30. Rd8+ $18 Kg7 31. Bxc5 Re2 32. Rd4 Nd2 (32... Nb6 $142 33. a4 (33. Rxf4 Rxa2 34. Rb4 Ra6 $18) 33... Re5) 33. Bb4 (33. Bxa7 Nf1+ 34. Kg1 Re1 $18) 33... Ne4 34. f3 Ng3 35. Rxf4 Nf1+ 36. Kh1 Rxa2 37. Bc3+ Kg8 38. Rg4+ Kf8 39. Rf4+ (39. Rg5 $18) 39... Kg8 $1 $16 40. Rg4+ (40. Bd4 $16) 40... Kf8 $18 41. Rg5 Rc2 42. Bd4 a6 43. h4 Nd2 44. Rc5 $2 (44. Bg7+ $18 {has better winning chances.} Ke8 45. Bh6) 44... Ra2 $2 {[%mdl 8192]} (44... Rxc5 $16 45. Bxc5+ Kf7) 45. h5 Ra4 46. Rc8+ Kf7 47. Rc7+ Ke6 48. Bf2 Ra2 $2 (48... Ra1+ 49. Bg1 Ra4) 49. Bg3 Ra1+ 50. Kh2 Nf1+ 51. Kh3 Ne3 {Threatening ...Rh1+.} 52. Kh4 $2 (52. Rxh7 Rh1+ 53. Bh2 Nf1 $11) (52. Bh2 $18) 52... h6 (52... Nf5+ $11 {keeps the balance.} 53. Kh3 h6 54. Rc6+ Kd5) 53. Bf2 $1 $16 {[%cal Rf2e3]} Rh1+ 54. Kg3 Nf5+ {[#]} (54... Nf1+ $16 55. Kf4 Rxh5 56. Rc6+ {[%mdl 64] Double Attack} Kf7 57. Rxa6 Rd5) 55. Kf4 (55. Kg4 $1 $18) 55... Ne7 {White must now prevent ...Nd5+.} 56. Ra7 Rxh5 (56... Nd5+ $16 57. Kg3 Rxh5) 57. Rxa6+ $18 Kf7 {[#]} 58. g4 $1 {[%cal Rg4h5]} Rh3 {intending ...Nd5+.} 59. Ke4 Rh1 60. Be3 (60. f4 $18 {and White stays clearly on top.}) 60... h5 $16 61. Rh6 h4 $2 (61... Ng8 $16 {was worth a try.} 62. Rd6 (62. Rxh5 Nf6+ 63. Kf5 Nxh5 $11) (62. gxh5 Nxh6 63. Bxh6 Rxh5 $11) 62... hxg4) 62. f4 $2 (62. Rh7+ $18 Ke8 63. Bg5 Re1+ 64. Kf4 Nd5+ 65. Kf5) 62... Ng8 $1 $11 {[%cal Rg8h6] The position is equal.} 63. Rh7+ Kg6 64. Ra7 {White threatens f5+ and mate.} Nf6+ {[%mdl 64] Double Attack} 65. Kd3 $132 {[%csl Gg4][%cal Rf4f5][%mdl 2048] White is not keeping still} Nxg4 66. Ra6+ Kf7 67. Ra7+ Ke6 {Threatens to win with ...h3.} 68. Ra6+ Kd5 {Hoping for ...h3.} 69. Ra5+ Kc6 {And now ...h3 would win.} 70. Ra6+ Kd5 {Accuracy: White = 49%, Black = 36%.} 1/2-1/2

[Event "47th GRE-chT 2019"]
[Site "Patra"]
[Date "2019.07.03"]
[Round "3.14"]
[White "Goumas, Georgios"]
[Black "Liodakis, Konstantinos-Spyros"]
[Result "1-0"]
[WhiteElo "2391"]
[BlackElo "2212"]
[Annotator "TA"]
[PlyCount "67"]
[EventDate "2019.07.02"]
[EventCountry "GRE"]
[SourceTitle "playchess.com"]
[Source "ChessBase"]
[SourceQuality "1"]

{[%evp 28,67,18,18,18,19,11,11,14,18,13,6,8,-4,-6,-16,0,10,0,-4,37,45,152,161,138,144,166,181,192,197,185,161,150,160,178,178,197,174,208,208,537,295]} 1. e4 e6 2. d4 d5 3. Nd2 Nf6 4. e5 Nfd7 5. Bd3 c5 6. c3 Nc6 7. Ne2 cxd4 8. cxd4 f6 9. exf6 Nxf6 10. O-O Bd6 11. Nf3 Qc7 12. h3 Bd7 13. Be3 O-O 14. Nc3 a6 15. Rc1 Be8 {C06: French Tarrasch: 3...Nf6 4 e5 Nfd7 5 Bd3 main lines} (15... Rad8 16. Na4 Qb8 17. Nc5 Bxc5 18. Rxc5 Ne4 19. Bxe4 dxe4 20. Ng5 h6 21. Nxe4 b6 22. Rh5 Be8 23. Rxh6 gxh6 {1-0 (39) Nisipeanu,L (2670)-Parvanyan,A (2426) Skopje 2019}) 16. Ng5 Qe7 17. f4 h6 {The position is equal.} 18. Nf3 Nh5 19. Ne5 Ng3 20. Re1 Bxe5 21. fxe5 Bh5 22. Qd2 $146 ({Predecessor:} 22. Qb3 Qh4 23. Qxb7 Nxd4 24. Bxh6 Ngf5 25. Nxd5 Nf3+ 26. Kf1 Ng3+ 27. Kf2 Ne4+ 28. Ke3 Qf2+ {0-1 (28) Tahbaz,A (1893)-Puranik,A (2164) Maribor 2012}) 22... Qh4 23. Kh2 {aiming for Bf2.} Nf5 24. Bf2 Qe7 {[#]} (24... Qg5 $14 25. Qxg5 hxg5) 25. Bxf5 $1 $16 ({Not} 25. g4 $2 Nfxd4 26. Bxd4 Nxd4 $19) 25... Rxf5 26. g4 $36 {[%mdl 2112] Double Attack. White has strong initiative.} Rxf2+ 27. Qxf2 Rf8 28. Qe3 Bg6 29. Ne2 Qb4 30. b3 Qa5 31. a4 Qb4 32. Rf1 Re8 33. Rf2 Na5 $2 {[#]} (33... Be4 {is tougher.} 34. Rcf1 Qe7) 34. Qc3 {Accuracy: White = 83%, Black = 55%.} 1-0

[Event "47th GRE-chT 2019"]
[Site "Patra"]
[Date "2019.07.03"]
[Round "3.14"]
[White "Vragoteris, Antonios"]
[Black "Frontzos, Ioannis"]
[Result "1-0"]
[WhiteElo "2168"]
[BlackElo "1620"]
[Annotator "NA"]
[PlyCount "73"]
[EventDate "2019.07.02"]
[EventCountry "GRE"]
[SourceTitle "playchess.com"]
[Source "ChessBase"]
[SourceQuality "1"]
[TimeControl "5400+30"]

1. Nf3 {[%emt 0:04:24]} d5 {[%emt 0:00:00]} 2. c4 {[%emt 0:01:18]} e6 {[%emt 0:00:41]} 3. g3 {[%emt 0:00:22]} Nf6 {[%emt 0:00:44]} 4. Bg2 {[%emt 0:00:08]} Be7 {[%emt 0:01:37]} 5. O-O {[%emt 0:00:12]} O-O {[%emt 0:00:34]} 6. d4 {[%emt 0:01:18]} b6 {[%emt 0:09:10]} 7. Nc3 {[%emt 0:03:02]} Bb7 {[%emt 0:00:33]} 8. Ne5 {[%emt 0:00:45]} Nbd7 {[%emt 0:06:20]} 9. Qa4 Nxe5 {[%emt 0:05:05]} 10. dxe5 {[%emt 0:00:53]} Ne4 {[%emt 0:06:11]} 11. Nxe4 {[%emt 0:14:57]} dxe4 {[%emt 0:00:17]} 12. Be3 {[%emt 0:02:35]} Qe8 {[%emt 0:12:36]} 13. Qc2 {[%emt 0:05:12]} Qc6 {[%emt 0:02:14]} 14. Rac1 {[%emt 0:01:39]} Rad8 {[%emt 0:05:42]} 15. Rfd1 {[%emt 0:01:46]} Rxd1+ {[%emt 0:05:25]} 16. Rxd1 {[%emt 0:00:16]} Rd8 {[%emt 0:01:37]} 17. Rxd8+ {[%emt 0:00:53]} Bxd8 {[%emt 0:00:08]} 18. b4 {[%emt 0:00:30]} a6 {[%emt 0:06:48]} 19. a4 {[%emt 0:07:20]} b5 {[%emt 0:13:22]} 20. axb5 {[%emt 0:11:25]} axb5 {[%emt 0:00:10]} 21. Bc5 {[%emt 0:00:38]} bxc4 {[%emt 0:05:01]} 22. Qxc4 {[%emt 0:00:22]} Ba6 {[%emt 0:04:55]} 23. Qa2 {[%emt 0:02:14]} Bb5 {[%emt 0:05:05]} 24. Qc2 {[%emt 0:03:42]} Qd5 {[%emt 0:02:24]} 25. Bxe4 {[%emt 0:03:17]} Qxe5 {[%emt 0:00:37]} 26. Bxh7+ {[%emt 0:00:23]} Kh8 {[%emt 0:00:13]} 27. Be4 {[%emt 0:00:13]} f5 {[%emt 0:01:53]} 28. Bf3 {[%emt 0:00:34]} Bf6 {[%emt 0:00:37]} 29. Kg2 {[%emt 0:03:04]} g5 {[%emt 0:01:49]} 30. h3 {[%emt 0:00:16]} Kg7 {[%emt 0:00:16]} 31. g4 {[%emt 0:04:24]} Qc3 {[%emt 0:02:16]} 32. Qa2 {[%emt 0:00:58]} Be5 {[%emt 0:00:55]} 33. Qxe6 {[%emt 0:00:20]} fxg4 {[%emt 0:00:31]} 34. Qe7+ {[%emt 0:01:16]} Kh6 {[%emt 0:00:38]} 35. hxg4 {[%emt 0:00:25]} Bc4 {[%emt 0:00:23]} 36. Be4 {[%emt 0:02:27]} Bf6 {[%emt 0:00:41]} 37. Qh7# {[%emt 0:00:12]} 1-0

[Event "47th GRE-chT 2019"]
[Site "Patra"]
[Date "2019.07.03"]
[Round "3.15"]
[White "Havanecz, Bianka"]
[Black "Maisuradze, Nino"]
[Result "1-0"]
[WhiteElo "2271"]
[BlackElo "2197"]
[Annotator "NA"]
[PlyCount "71"]
[EventDate "2019.07.02"]
[EventCountry "GRE"]
[SourceTitle "playchess.com"]
[Source "ChessBase"]
[SourceQuality "1"]
[TimeControl "5400+30"]

1. d4 {[%emt 0:00:00]} Nf6 {[%emt 0:10:11]} 2. c4 {[%emt 0:00:00]} c5 {[%emt 0:00:17]} 3. d5 {[%emt 0:00:00]} e6 {[%emt 0:00:05]} 4. Nc3 {[%emt 0:00:00]} exd5 {[%emt 0:00:04]} 5. cxd5 {[%emt 0:00:00]} d6 {[%emt 0:00:02]} 6. Nf3 {[%emt 0:00:00]} g6 {[%emt 0:00:07]} 7. Nd2 {[%emt 0:00:01]} Nbd7 {[%emt 0:00:09]} 8. e4 {[%emt 0:00:07]} Bg7 {[%emt 0:00:29]} 9. Be2 {[%emt 0:00:07]} O-O {[%emt 0:00:08]} 10. O-O {[%emt 0:00:05]} Re8 {[%emt 0:00:09]} 11. a4 {[%emt 0:01:47]} Ne5 {[%emt 0:02:28]} 12. Ra3 {[%emt 0:03:08]} g5 {[%emt 0:09:39]} 13. Bb5 {[%emt 0:06:37]} Rf8 {[%emt 0:01:24]} 14. Re1 {[%emt 0:06:59]} a6 {[%emt 0:00:30]} 15. Be2 {[%emt 0:00:45]} h6 {[%emt 0:12:50]} 16. Nf1 {[%emt 0:00:17]} Rb8 {[%emt 0:03:01]} 17. Ng3 {[%emt 0:00:30]} Bd7 {[%emt 0:01:54]} 18. a5 {[%emt 0:00:15]} Re8 {[%emt 0:00:58]} 19. Qc2 {[%emt 0:01:42]} Ng6 {[%emt 0:05:21]} 20. Nd1 {[%emt 0:01:27]} Nh4 {[%emt 0:09:36]} 21. Ne3 {[%emt 0:00:33]} Qe7 {[%emt 0:01:59]} 22. f3 {[%emt 0:04:44]} g4 {[%emt 0:03:56]} 23. Bd2 {[%emt 0:05:31]} gxf3 {[%emt 0:00:32]} 24. gxf3 {[%emt 0:00:05]} Bh3 {[%emt 0:01:20]} 25. Bc3 {[%emt 0:02:56]} h5 {[%emt 0:01:31]} 26. Kf2 {[%emt 0:01:30]} Bh6 {[%emt 0:02:58]} 27. Bxf6 {[%emt 0:06:07]} Qxf6 {[%emt 0:00:17]} 28. Nxh5 {[%emt 0:02:54]} Qe5 {[%emt 0:04:49]} 29. Rg1+ {[%emt 0:00:06]} Kf8 {[%emt 0:01:08]} 30. Rg3 {[%emt 0:07:00]} Bd7 {[%emt 0:03:44]} 31. Nc4 {[%emt 0:01:50]} Qd4+ {[%emt 0:02:02]} 32. Kf1 {[%emt 0:02:18]} Nf5 {[%emt 0:15:22]} 33. exf5 {[%emt 0:04:16]} Rxe2 {[%emt 0:00:26]} 34. Qxe2 {[%emt 0:01:32]} Bb5 {[%emt 0:02:29]} 35. Rg4 {[%emt 0:00:55]} Qxd5 {[%emt 0:03:49]} 36. Nf6 {[%emt 0:00:15]} 1-0

[Event "47th GRE-chT 2019"]
[Site "Patra"]
[Date "2019.07.03"]
[Round "3.15"]
[White "Antova, Gabriela"]
[Black "Botsari, Anna-Maria"]
[Result "1/2-1/2"]
[WhiteElo "2257"]
[BlackElo "2233"]
[Annotator "NA"]
[PlyCount "57"]
[EventDate "2019.07.02"]
[EventCountry "GRE"]
[SourceTitle "playchess.com"]
[Source "ChessBase"]
[SourceQuality "1"]
[TimeControl "5400+30"]

1. d4 {[%emt 0:00:00]} Nf6 {[%emt 0:00:18]} 2. c4 {[%emt 0:00:00]} e6 {[%emt 0:00:12]} 3. Nf3 {[%emt 0:00:00]} b6 {[%emt 0:00:04]} 4. g3 {[%emt 0:00:21]} Bb7 {[%emt 0:00:04]} 5. Bg2 {[%emt 0:00:07]} Be7 {[%emt 0:00:03]} 6. O-O {[%emt 0:00:08]} O-O {[%emt 0:00:04]} 7. Nc3 {[%emt 0:00:14]} Ne4 {[%emt 0:00:16]} 8. Bd2 {[%emt 0:00:11]} f5 {[%emt 0:00:24]} 9. Qc2 {[%emt 0:01:22]} Qc8 {[%emt 0:13:42]} 10. Rad1 {[%emt 0:03:16]} Bf6 {[%emt 0:04:25]} 11. d5 {[%emt 0:03:39]} Nd6 {[%emt 0:21:31]} 12. b3 {[%emt 0:13:19]} Na6 {[%emt 0:05:08]} 13. a3 {[%emt 0:12:12]} Nc5 {[%emt 0:05:51]} 14. Bf4 {[%emt 0:04:27]} Nce4 {[%emt 0:03:27]} 15. Be5 {[%emt 0:02:07]} Nxc3 {[%emt 0:12:44]} 16. Bxc3 {[%emt 0:02:32]} Bxc3 {[%emt 0:00:44]} 17. Qxc3 {[%emt 0:00:02]} Ne4 {[%emt 0:00:14]} 18. Qd4 {[%emt 0:08:20]} d6 {[%emt 0:04:51]} 19. dxe6 {[%emt 0:01:54]} Qxe6 {[%emt 0:00:24]} 20. Ng5 {[%emt 0:01:17]} Qe7 {[%emt 0:02:37]} 21. Nxe4 {[%emt 0:01:03]} Bxe4 {[%emt 0:00:54]} 22. Bxe4 {[%emt 0:00:35]} Qxe4 {[%emt 0:01:33]} 23. Qxe4 {[%emt 0:00:34]} fxe4 {[%emt 0:00:04]} 24. Rd4 {[%emt 0:02:15]} Rae8 {[%emt 0:00:14]} 25. b4 {[%emt 0:01:54]} Rf6 {[%emt 0:04:17]} 26. Rc1 {[%emt 0:04:32]} Ref8 {[%emt 0:01:12]} 27. Rf1 {[%emt 0:00:52]} Re8 {[%emt 0:00:16]} 28. Rc1 {[%emt 0:03:15]} Ref8 {[%emt 0:00:04]} 29. Rf1 {[%emt 0:00:06]} 1/2-1/2

[Event "47th GRE-chT 2019"]
[Site "Patra"]
[Date "2019.07.03"]
[Round "3.16"]
[White "Avramidou, Anastasia"]
[Black "Vozinaki, Anthi - Maria"]
[Result "1-0"]
[WhiteElo "2260"]
[BlackElo "2054"]
[Annotator "NA"]
[PlyCount "55"]
[EventDate "2019.07.02"]
[EventCountry "GRE"]
[SourceTitle "playchess.com"]
[Source "ChessBase"]
[SourceQuality "1"]
[TimeControl "5400+30"]

1. d4 {[%emt 0:00:25]} Nf6 {[%emt 0:00:00]} 2. Nf3 {[%emt 0:00:25]} e6 {[%emt 0:00:00]} 3. e3 {[%emt 0:00:17]} d5 {[%emt 0:00:00]} 4. Bd3 {[%emt 0:02:10]} c5 {[%emt 0:01:59]} 5. b3 {[%emt 0:02:13]} Nc6 {[%emt 0:00:21]} 6. O-O {[%emt 0:01:44]} Be7 {[%emt 0:00:08]} 7. Bb2 {[%emt 0:00:28]} O-O {[%emt 0:05:25]} 8. c4 {[%emt 0:06:24]} b6 {[%emt 0:05:35]} 9. Nbd2 {[%emt 0:04:24]} Bb7 {[%emt 0:01:21]} 10. Qe2 {[%emt 0:07:01]} Rc8 {[%emt 0:09:36]} 11. Rac1 {[%emt 0:09:04]} Qc7 {[%emt 0:05:27]} 12. Rfd1 {[%emt 0:12:43]} Rfd8 {[%emt 0:11:23]} 13. Bb1 {[%emt 0:05:54]} Qb8 {[%emt 0:09:57]} 14. dxc5 {[%emt 0:06:27]} bxc5 {[%emt 0:16:51]} 15. cxd5 {[%emt 0:04:36]} Nxd5 {[%emt 0:00:23]} 16. Ne4 {[%emt 0:11:57]} Ncb4 {[%emt 0:04:51]} 17. Nfg5 {[%emt 0:13:18]} g6 {[%emt 0:05:30]} 18. Qf3 {[%emt 0:04:08]} f5 {[%emt 0:02:49]} 19. Qh3 {[%emt 0:01:36]} h5 {[%emt 0:01:46]} 20. Nxe6 {[%emt 0:00:48]} fxe4 {[%emt 0:00:16]} 21. Nxd8 {[%emt 0:01:07]} Rxd8 {[%emt 0:04:41]} 22. Qe6+ {[%emt 0:00:17]} Kf8 {[%emt 0:00:05]} 23. Qxg6 {[%emt 0:02:49]} Qd6 {[%emt 0:01:44]} 24. Qg7+ {[%emt 0:00:09]} Ke8 {[%emt 0:00:07]} 25. Bxe4 {[%emt 0:01:17]} Kd7 {[%emt 0:02:44]} 26. a3 {[%emt 0:00:32]} Qe6 {[%emt 0:05:48]} 27. Qg6 {[%emt 0:00:46]} Qxg6 {[%emt 0:00:10]} 28. Bxg6 {[%emt 0:00:47]} 1-0

[Event "47th GRE-chT 2019"]
[Site "Patra"]
[Date "2019.07.03"]
[Round "3.17"]
[White "Karavitaki, Evaggelia"]
[Black "Arapkoule, Eirini"]
[Result "1/2-1/2"]
[WhiteElo "1681"]
[BlackElo "1370"]
[Annotator "NA"]
[PlyCount "98"]
[EventDate "2019.07.02"]
[EventCountry "GRE"]
[SourceTitle "playchess.com"]
[Source "ChessBase"]
[SourceQuality "1"]
[TimeControl "5400+30"]

1. e4 {[%emt 0:00:00]} c5 {[%emt 0:00:00]} 2. Nf3 {[%emt 0:00:00]} Nc6 {[%emt 0:00:04]} 3. Bb5 {[%emt 0:02:18]} e6 {[%emt 0:03:48]} 4. O-O {[%emt 0:00:45]} d5 {[%emt 0:00:41]} 5. exd5 {[%emt 0:02:09]} exd5 {[%emt 0:00:11]} 6. Re1+ {[%emt 0:06:48]} Be7 {[%emt 0:00:28]} 7. d4 {[%emt 0:06:28]} Be6 {[%emt 0:02:52]} 8. dxc5 {[%emt 0:15:45]} Bxc5 {[%emt 0:01:10]} 9. Nc3 {[%emt 0:24:05]} Nge7 {[%emt 0:01:40]} 10. Ng5 {[%emt 0:02:06]} Qd6 {[%emt 0:03:36]} 11. Qh5 {[%emt 0:04:05]} g6 {[%emt 0:09:35]} 12. Qf3 {[%emt 0:04:31]} O-O {[%emt 0:00:34]} 13. Bf4 {[%emt 0:04:30]} Qd7 {[%emt 0:03:32]} 14. Qe2 {[%emt 0:09:14]} Nd4 {[%emt 0:05:47]} 15. Bxd7 {[%emt 0:03:23]} Nxe2+ {[%emt 0:00:10]} 16. Rxe2 {[%emt 0:00:39]} Bxd7 {[%emt 0:00:14]} 17. a3 {[%emt 0:03:19]} Bc6 {[%emt 0:03:57]} 18. Nf3 {[%emt 0:01:56]} Nf5 {[%emt 0:00:47]} 19. Rd1 {[%emt 0:01:17]} d4 {[%emt 0:04:27]} 20. Ne4 {[%emt 0:01:45]} Bxe4 {[%emt 0:06:24]} 21. Rxe4 {[%emt 0:00:03]} Rfe8 {[%emt 0:01:51]} 22. Rxe8+ {[%emt 0:03:24]} Rxe8 {[%emt 0:00:20]} 23. g4 {[%emt 0:00:28]} Re4 {[%emt 0:00:44]} 24. Bg3 {[%emt 0:02:30]} Nxg3 {[%emt 0:01:37]} 25. hxg3 {[%emt 0:00:24]} Rxg4 {[%emt 0:00:15]} 26. Ne5 {[%emt 0:00:34]} Re4 {[%emt 0:00:21]} 27. Nd3 {[%emt 0:00:25]} Bb6 {[%emt 0:02:55]} 28. Kf1 {[%emt 0:00:29]} Kg7 {[%emt 0:01:28]} 29. Nf4 {[%emt 0:00:35]} Re5 {[%emt 0:01:26]} 30. Ne2 {[%emt 0:00:36]} Rb5 {[%emt 0:02:06]} 31. b3 {[%emt 0:00:26]} Rd5 {[%emt 0:01:13]} 32. c3 {[%emt 0:00:29]} d3 {[%emt 0:04:04]} 33. Nf4 {[%emt 0:00:17]} Ra5 {[%emt 0:07:34]} 34. a4 {[%emt 0:00:21]} Rf5 {[%emt 0:02:30]} 35. Nxd3 {[%emt 0:00:25]} h5 {[%emt 0:01:01]} 36. Kg2 {[%emt 0:00:58]} g5 {[%emt 0:01:08]} 37. f3 {[%emt 0:00:29]} Be3 {[%emt 0:03:02]} 38. Nb4 {[%emt 0:00:30]} g4 {[%emt 0:03:06]} 39. fxg4 {[%emt 0:00:31]} hxg4 {[%emt 0:00:26]} 40. Nd3 {[%emt 0:00:00]} Rf3 {[%emt 0:00:00]} 41. Rf1 {[%emt 0:00:00]} Bd2 {[%emt 0:00:00]} 42. Rxf3 {[%emt 0:00:00]} gxf3+ {[%emt 0:00:00]} 43. Kxf3 {[%emt 0:00:00]} Bxc3 {[%emt 0:00:00]} 44. Kf4 {[%emt 0:00:00]} Kf6 {[%emt 0:00:00]} 45. g4 {[%emt 0:00:00]} Bd2+ {[%emt 0:00:00]} 46. Kf3 {[%emt 0:00:00]} b6 {[%emt 0:00:00]} 47. Nb2 {[%emt 0:00:00]} Bb4 {[%emt 0:00:00]} 48. Nc4 {[%emt 0:00:00]} Kg5 {[%emt 0:00:00]} 49. Ne5 {[%emt 0:01:55]} f5 {[%emt 0:00:00]} 1/2-1/2

[Event "47th GRE-chT 2019"]
[Site "Patra"]
[Date "2019.07.03"]
[Round "3.17"]
[White "Troumouchi, Katholiki"]
[Black "Batsi, Varvara"]
[Result "1-0"]
[WhiteElo "1149"]
[BlackElo "1214"]
[Annotator "NA"]
[PlyCount "48"]
[EventDate "2019.07.02"]
[EventCountry "GRE"]
[SourceTitle "playchess.com"]
[Source "ChessBase"]
[SourceQuality "1"]
[TimeControl "5400+30"]

1. e4 {[%emt 0:00:00]} c6 {[%emt 0:00:00]} 2. d4 {[%emt 0:00:00]} d5 {[%emt 0:00:00]} 3. exd5 {[%emt 0:00:47]} cxd5 {[%emt 0:00:00]} 4. Nf3 {[%emt 0:00:37]} Nc6 {[%emt 0:00:06]} 5. c3 {[%emt 0:01:12]} e6 {[%emt 0:04:13]} 6. Bd3 {[%emt 0:00:28]} Nf6 {[%emt 0:00:48]} 7. O-O {[%emt 0:00:30]} Be7 {[%emt 0:00:56]} 8. Re1 {[%emt 0:01:15]} O-O {[%emt 0:00:23]} 9. Nbd2 {[%emt 0:00:42]} a6 {[%emt 0:01:12]} 10. a4 {[%emt 0:04:14]} Qc7 {[%emt 0:04:22]} 11. Qc2 {[%emt 0:02:13]} h6 {[%emt 0:03:29]} 12. Nf1 {[%emt 0:10:00]} Bd7 {[%emt 0:01:17]} 13. Ng3 {[%emt 0:03:34]} Rfc8 {[%emt 0:03:53]} 14. Be3 {[%emt 0:03:50]} Nb4 {[%emt 0:09:22]} 15. Qd2 {[%emt 0:03:16]} Nxd3 {[%emt 0:00:30]} 16. Qxd3 {[%emt 0:00:07]} Bd6 {[%emt 0:02:57]} 17. Ne5 {[%emt 0:04:44]} Be8 {[%emt 0:06:17]} 18. Qd1 {[%emt 0:03:07]} b5 {[%emt 0:06:41]} 19. a5 {[%emt 0:02:57]} b4 {[%emt 0:04:51]} 20. Bd2 {[%emt 0:00:43]} bxc3 {[%emt 0:04:39]} 21. Bxc3 {[%emt 0:00:09]} Rab8 {[%emt 0:02:05]} 22. Ng4 {[%emt 0:05:56]} Qe7 {[%emt 0:15:21]} 23. Nf5 {[%emt 0:03:37]} Qd8 {[%emt 0:06:09]} 24. Nxf6+ {[%emt 0:02:35]} gxf6 {[%emt 0:01:14]} 1-0

[Event "47th GRE-chT 2019"]
[Site "Patra"]
[Date "2019.07.03"]
[Round "3.18"]
[White "Trimitzios, Petros"]
[Black "Danis, Hrisovalantis"]
[Result "1-0"]
[WhiteElo "2285"]
[BlackElo "1956"]
[Annotator "NA"]
[PlyCount "83"]
[EventDate "2019.07.02"]
[EventCountry "GRE"]
[SourceTitle "playchess.com"]
[Source "ChessBase"]
[SourceQuality "1"]
[TimeControl "5400+30"]

1. Nf3 {[%emt 0:00:00]} Nf6 {[%emt 0:02:10]} 2. c4 {[%emt 0:00:04]} g6 {[%emt 0:00:06]} 3. b3 {[%emt 0:00:57]} Bg7 {[%emt 0:00:05]} 4. Bb2 {[%emt 0:00:05]} O-O {[%emt 0:00:07]} 5. d4 {[%emt 0:00:03]} d6 {[%emt 0:00:09]} 6. g3 {[%emt 0:00:08]} Nc6 {[%emt 0:00:09]} 7. Bg2 {[%emt 0:01:44]} a6 {[%emt 0:00:16]} 8. O-O {[%emt 0:00:27]} Rb8 {[%emt 0:00:32]} 9. Nbd2 {[%emt 0:04:41]} Nd7 {[%emt 0:03:22]} 10. Qc2 {[%emt 0:12:12]} e5 {[%emt 0:01:20]} 11. d5 {[%emt 0:07:31]} Ne7 {[%emt 0:00:28]} 12. e4 {[%emt 0:04:17]} f5 {[%emt 0:04:19]} 13. Ne1 {[%emt 0:05:16]} f4 {[%emt 0:02:26]} 14. gxf4 {[%emt 0:00:49]} exf4 {[%emt 0:13:38]} 15. Bxg7 {[%emt 0:00:59]} Kxg7 {[%emt 0:00:03]} 16. Qc3+ {[%emt 0:00:08]} Kg8 {[%emt 0:00:58]} 17. Ndf3 {[%emt 0:03:15]} h6 {[%emt 0:05:10]} 18. Nd3 {[%emt 0:06:21]} g5 {[%emt 0:05:48]} 19. Nd4 {[%emt 0:00:16]} Ne5 {[%emt 0:05:24]} 20. Nxe5 {[%emt 0:21:10]} dxe5 {[%emt 0:00:32]} 21. Nf5 {[%emt 0:01:56]} Nxf5 {[%emt 0:09:11]} 22. exf5 {[%emt 0:00:10]} Qf6 {[%emt 0:01:55]} 23. Rfe1 {[%emt 0:00:46]} Re8 {[%emt 0:06:32]} 24. Re2 {[%emt 0:02:12]} g4 {[%emt 0:10:55]} 25. Rae1 {[%emt 0:02:31]} Bxf5 {[%emt 0:08:23]} 26. Rxe5 {[%emt 0:00:13]} Rf8 {[%emt 0:00:28]} 27. Qd2 {[%emt 0:01:29]} f3 {[%emt 0:03:56]} 28. Bf1 {[%emt 0:00:47]} Rf7 {[%emt 0:00:33]} 29. Qf4 {[%emt 0:03:04]} Rbf8 {[%emt 0:01:57]} 30. c5 {[%emt 0:01:26]} Kg7 {[%emt 0:03:09]} 31. Bc4 {[%emt 0:05:14]} Rd7 {[%emt 0:01:16]} 32. c6 {[%emt 0:00:30]} bxc6 {[%emt 0:02:30]} 33. dxc6 {[%emt 0:00:06]} Rd6 {[%emt 0:01:20]} 34. Re7+ {[%emt 0:04:27]} Kg6 {[%emt 0:00:51]} 35. Rxc7 {[%emt 0:01:51]} Rxc6 {[%emt 0:02:42]} 36. Rd1 {[%emt 0:03:47]} Rb6 {[%emt 0:01:19]} 37. Rc5 {[%emt 0:05:05]} Qg5 {[%emt 0:01:53]} 38. Qc7 {[%emt 0:00:40]} Rbf6 {[%emt 0:00:48]} 39. Rd7 {[%emt 0:02:11]} Qc1+ {[%emt 0:01:52]} 40. Bf1 {[%emt 0:00:00]} Qe1 {[%emt 0:00:00]} 41. Rg7+ {[%emt 0:00:00]} Kh5 {[%emt 0:00:00]} 42. Qf4 {[%emt 0:00:00]} 1-0